000 00348nam a22000977a 4500
008 160502b xxu||||| |||| 00| 0 eng d
100 _aWright, Donald, Jr.
245 _aInsects on stamps of the world
260 _aJohnstown, PA
_bAmerican Topical Association,
_c1993
650 _aTopical Collecting | Insects | Invertebrates | Animals Butterflies | Moths
999 _c1955
_d1955